Tisztes ipar : a magyar katholikus iparos ifjúság hetilapja.
Uložené v:
| Médium: | Časopis |
|---|---|
| Jazyk: | Hungarian |
| Vydané: |
Košice :
Lajos Konrády,
1898-1899.
|
| Tagy: |
Pridať tag
Žiadne tagy, Buďte prvý kto otaguje tento záznam!
|
Titul je dostupný aj v ... 

MARC
| LEADER | 00000nas a2200000 a 4500 | ||
|---|---|---|---|
| 001 | 000308521 | ||
| 003 | SVKK | ||
| 005 | 20191112101041.0 | ||
| 008 | 040730d18981899xo r|p||| |0 a0hun | ||
| 040 | |a KE001 |b slo |e AACR2 | ||
| 041 | 0 | |a hun | |
| 044 | |a xo |c SK | ||
| 245 | 0 | 0 | |a Tisztes ipar : |b a magyar katholikus iparos ifjúság hetilapja. |
| 260 | |a Košice : |b Lajos Konrády, |c 1898-1899. | ||
| 310 | |a 1x týždenne | ||
| 362 | 0 | |a 1.évf. 1.sz. (1898. szept. 25.)-2.évf. 25.sz. (1899. jún. 25.) | |
| 500 | |a V roku 1899 prestal vychádzať | ||
| 910 | |a KE001 |b C.3628 | ||
| 998 | |a SE | ||
| 090 | |g CASOS |k Sklad Pribinova suterén |a C.3628 |i 2720700845 |s Vyradená | ||